Latitude Quiz - Statistics

General Stats
  • This quiz has been taken 11 times
  • The average score is 13 of 36
Answer Stats
Picture Answer % Correct
Mecca, Saudi Arabia
100%
Amsterdam, Netherlands
75%
Berlin, Germany
75%
San Francisco, United States
75%
Barcelona, Spain
63%
Istanbul, Turkey
63%
Rome, Italy
63%
Tokyo, Japan
63%
Venice, Italy
63%
Athens, Greece
50%
Hanoi, Vietnam
50%
Tehran, Iran
50%
Cambridge, United Kingdom
38%
Chicago, United States
38%
Memphis, United States
38%
Portland, United States
38%
Seoul, South Korea
38%
Tijuana, Mexico
38%
Cancun, Mexico
25%
Honolulu, United States
25%
Ottawa, Canada
25%
Charleston, United States
13%
Chiang Mai, Thailand
13%
Columbo, Sri Lanka
13%
Georgetown, Guyana
13%
Hamilton, Bermuda
13%
Lagos, Nigeria
13%
Lyon, France
13%
Medellin, Colombia
13%
Mumbai, India
13%
San Juan, Puerto Rico
13%
Santo Domingo, Dominican Republic
13%
Saskatoon, Canada
13%
Seville, Spain
13%
Tangier, Morocco
13%
Tripoli, Libya
13%
No matching quizzes found
Score Distribution
Percent of People with Each Score
Percentile by Number Answered
Your Score History
You have not taken this quiz